Reato di vita : autobiografia e poesia /

Guardat en:
Dades bibliogràfiques
Autor principal: Merini, Alda (Autor)
Altres autors: Vèroli, Luisella (Editor)
Format: Llibre
Idioma:italià
Publicat: Milano : Melusine, [1994]
Matèries:
Etiquetes: Afegir etiqueta
Sense etiquetes, Sigues el primer a etiquetar aquest registre!

MARC

LEADER 00000nam a22000007i 4500
001 IT\ICCU\RAV\0252275
003 ItRI
005 20260115231946.0
008 950330s1994 it |||||| ||||| |||||c
020 |a 888631499X 
020 |a 9788886314992 
040 |b ita  |c importazione bologna sebina 
041 7 |a ita  |2 ISO-639-2 
082 |a 851.914  |9 POESIA ITALIANA. 1945-  |2 20 
100 1 |a Merini, Alda  |0 IT\ICCU\CFIV\053500  |4 aut 
240 1 0 |a Reato di vita  |3 IT\ICCU\UBO\4638573  |9 Merini, Alda 
245 1 0 |a Reato di vita :  |b autobiografia e poesia /  |c Alda Merini ; a cura di Luisella Veroli. 
260 |a Milano :  |b Melusine,  |c [1994] 
300 |a 160 p. :  |b illustrazioni ;  |c 21 cm 
500 |a In copertina e sul frontespizio la stampa della firma autografa di Alda Merini 
650 7 |a Merini, Alda  |x Autobiografia  |2 scbi 
700 1 |a Vèroli, Luisella  |0 IT\ICCU\LO1V\130689  |4 edt 
942 |2 ddc  |c BK  |n 0 
952 |0 0  |1 0  |4 0  |6 DOC_851_914000000000000_MER  |7 0  |9 17838  |a BO  |b BO  |d 2026-01-15  |i 7773  |l 0  |o DOC 851.914 MER  |p BO7773  |r 2026-01-15 23:19:46  |w 2026-01-15  |x [Sebina 5] [1 v.]  |y BK  |z 1 v. 
999 |c 15175  |d 15175